| 000 | 01477nam a22004097a 4500 | ||
|---|---|---|---|
| 001 | 0051666 | ||
| 003 | KOHA_MİRAKIL | ||
| 005 | 20260207003813.0 | ||
| 007 | ta | ||
| 008 | 150629b2013 tu |||gr||||#||||0|tur | | ||
| 020 | _a9786051336022 | ||
| 040 |
_aTR-BiSEU _btur _cTR-BiSEU _erda |
||
| 041 | 0 | _atur | |
| 044 | _ctu | ||
| 050 |
_aRC552 _b.S24 2013 |
||
| 100 | 1 | _aSafer, Debra L.. | |
| 245 | 1 |
_aTıkanırcasına yeme bozukluğu ve bulimia için diyalektik davranış terapisi/ _cDebra L. Safer ; Debra L. Safer, Christy F. Telch, Eunice Y. Chen ; önsöz Marsha M. Linehan ; çeviren Gamze Sart. |
|
| 264 | 1 |
_aAnkara : _bNobel Akademik Yayıncılık _c2013 |
|
| 300 |
_aIX, 244 sayfa ; _c24 cm. |
||
| 336 |
_ametin _btxt _2rdacontent |
||
| 337 |
_aaracısız _bn _2rdamedia |
||
| 338 |
_acilt _bnc _2rdacarrier |
||
| 490 | 1 |
_aNobel yayın nu ; _v701. |
|
| 490 | 1 |
_aPsikolojik Danışma nu ; _v35. |
|
| 500 | _aDizin var. | ||
| 500 | _aKaynakça var. | ||
| 500 | _aEserin özgün adı : Dialectical behavior therapy for binge eating and bulimia. | ||
| 650 | 0 |
_aKompulsif yemek _996256 |
|
| 650 | 0 |
_aCompulsive eating _996257 |
|
| 650 | 0 |
_aDiyalektik davranış terapisi _996258 |
|
| 650 | 0 |
_aDialectical behavior therapy _996259 |
|
| 650 | 0 |
_aDavranış Terapisi--yöntemleri _996260 |
|
| 650 | 0 |
_aBehavior Therapy--methods _996261 |
|
| 830 | 1 |
_aNobel yayın nu ; _v701. _995187 |
|
| 830 | 1 |
_aPsikolojik Danışma nu ; _v35. _996262 |
|
| 942 |
_2lcc _cBK |
||
| 999 |
_c51486 _d51486 |
||